Antecedentes obstétricos y pruebas de evaluación de la función hepática en maternas con trastornos hipertensivos tipo preeclampsia y síndrome de HELLP atendidas en una institución de alta complejidad de la ciudad de Cartagena / (Registro nro. 3087)

Detalles MARC
000 -LEADER
fixed length control field 01899nam a2200277 4500
005 - DATE AND TIME OF LATEST TRANSACTION
control field 20250329165417.0
007 - PHYSICAL DESCRIPTION FIXED FIELD--GENERAL INFORMATION
fixed length control field ta
008 - FIXED-LENGTH DATA ELEMENTS--GENERAL INFORMATION
fixed length control field 180709s2022 000 0 eng d
040 ## - CATALOGING SOURCE
Original cataloging agency CO-CtgCURN
Language of cataloging spa
Transcribing agency coctgcurn
082 0# - DEWEY DECIMAL CLASSIFICATION NUMBER
Classification number BAC 2022
Item number R788
100 1# - MAIN ENTRY--PERSONAL NAME
Personal name Castillo Dávila, Ángel Mauricio.
245 10 - TITLE STATEMENT
Title Antecedentes obstétricos y pruebas de evaluación de la función hepática en maternas con trastornos hipertensivos tipo preeclampsia y síndrome de HELLP atendidas en una institución de alta complejidad de la ciudad de Cartagena /
Statement of responsibility, etc. Ángel Mauricio Castillo Dávila; Brian David Castellar Martínez; Diego Alejandro Angulo Hernández; directores: Jorge Gutiérrez Cuesta; Giovanny Díaz Beltrán.
260 ## - PUBLICATION, DISTRIBUTION, ETC.
Date of publication, distribution, etc. 2022.
260 #1 - PUBLICATION, DISTRIBUTION, ETC.
Place of publication, distribution, etc. Cartagena de Indias : :
Name of publisher, distributor, etc. Corporación Universitaria Rafael Nuñez,,
Date of publication, distribution, etc. 2022.
300 ## - PHYSICAL DESCRIPTION
Extent 40 hojas.
504 ## - BIBLIOGRAPHY, ETC. NOTE
Bibliography, etc. note Trabajo de grado (Bacteriologia). Corporación Universitaria Rafael Nuñez. Facultad de Ciencias de la salud. Bacteriologia, 2022.
520 ## - SUMMARY, ETC.
Summary, etc. "Los trastornos hipertensivos hacen referencia a alteraciones fisiopatológicas que generan un aumento de la presión arterial, estas conllevan a diversas complicaciones maternas y fetales, las cuales son clasificadas en hipertensión gestacional, preeclampsia, preeclampsia leve, preeclampsia severa, eclampsia y síndrome de HELLP."
650 14 - SUBJECT ADDED ENTRY--TOPICAL TERM
Topical term or geographic name entry element Bacteriologia
Form subdivision Tesis y disertaciones academicas.
700 1# - ADDED ENTRY--PERSONAL NAME
Personal name Castellar Martínez, Brian David.
700 1# - ADDED ENTRY--PERSONAL NAME
Personal name Angulo Hernández, Diego Alejandro.
700 1# - ADDED ENTRY--PERSONAL NAME
Personal name Gutiérrez Cuesta, Jorge,
Relator term directora.
700 1# - ADDED ENTRY--PERSONAL NAME
Personal name Díaz Beltrán, Giovanny,
Relator term director.
856 ## - ELECTRONIC LOCATION AND ACCESS
Uniform Resource Identifier <a href="https://unicurn.sharepoint.com/:b:/s/biblioteca/Ec37Y4zswytFq1YtjD67fa8BJ4MB7ZD5dobPIlA_kfzZCg?e=w54cGW">https://unicurn.sharepoint.com/:b:/s/biblioteca/Ec37Y4zswytFq1YtjD67fa8BJ4MB7ZD5dobPIlA_kfzZCg?e=w54cGW</a>
Public note Click aqui para ver el recurso en texto completo
942 ## - ADDED ENTRY ELEMENTS (KOHA)
Source of classification or shelving scheme Dewey Decimal Classification
Koha item type Trabajos de grado
Classification part BAC 2022
Item part R788
Existencias
Withdrawn status Lost status Source of classification or shelving scheme Damaged status Not for loan Home library Current library Shelving location Date acquired Source of acquisition Cost, normal purchase price Total checkouts Full call number Barcode Date last seen Copy number Price effective from Koha item type
    Dewey Decimal Classification     Miguel Henríquez Emiliani Miguel Henríquez Emiliani Trabajo de grado 03/29/2025 El autor 350000.00   BAC 2022 R788 024605 06/20/2022 1 06/20/2022 Trabajos de grado